Tous les brawleurs pouvant se soigner - Brawl Stars - Statistiques

Statistiques générales
  • Ce quiz a été pris 140 fois
  • Le résultat moyen est 17 sur 43
Statistiques - réponses
Réponse % Correct
Poco
90%
Byron
80%
Shelly
76%
Bartaba
66%
Pam
66%
Bull
63%
Leon
59%
Berry
58%
Edgar
58%
Spike
56%
Rosa
53%
Billie
50%
Nita
50%
Meg
48%
Emeri
47%
Mortis
47%
Chester
44%
Kit
43%
Gus
42%
Tara
39%
Kenji
38%
Doug
31%
Draco
31%
Cordelius
30%
Rico
30%
Stu
29%
Ash
27%
Eliz@
27%
Colette
26%
Hank
25%
Wally
25%
Lola
24%
Sam
24%
Angelo
23%
Charlie
22%
Gray
22%
Max
22%
Buster
21%
Tick
21%
Griff
15%
R-T
14%
Larry et Lawrie
13%
Monsieur M
7%
Aucun quiz correspondant
Distribution des résultats
% des personnes avec chaque résultat
Percentile par nombre de réponses
Votre historique - résultats
Vous n’avez pas pris ce quiz